An analysis of errors in constructed sentences of Malay students at the International Islamic University /
Saved in:
| Main Author: | |
|---|---|
| Format: | Thesis Book |
| Language: | English |
| Published: |
1989
|
| Subjects: | |
| Tags: |
Add Tag
No Tags, Be the first to tag this record!
|
| LEADER | 01390cam a2200337 4500 | ||
|---|---|---|---|
| 001 | u85178 | ||
| 003 | SIRSI | ||
| 008 | 900301s1989 my t q00 1 eng m | ||
| 015 | |a X890082471 | ||
| 035 | |a AAJ-2603 | ||
| 040 | |a UMM | ||
| 043 | |a a-my--- | ||
| 090 | 0 | 0 | |a LB1579 |b E5Teh |
| 091 | 0 | 0 | |a Microfilm 2415 |
| 100 | 1 | 0 | |a Teh, Geok Choon. |
| 245 | 1 | 3 | |a An analysis of errors in constructed sentences of Malay students at the International Islamic University / |c Teh Geok Choon |
| 260 | |c 1989 | ||
| 300 | |a vii, 85 leaves ; |c 28cm | ||
| 500 | |a Also available on microfilm. Kuala Lumpur : Perpustakaan Universiti Malaya, 1996. 1 reel : negative ; 35 mm. | ||
| 500 | |a Refer Microfilm 2224 | ||
| 502 | |a Dissertation (M.Ed.) - Fakulti Pendidikan, Universiti Malaya, 1989 | ||
| 504 | |a Bibliography: leaves 80-85 | ||
| 610 | 2 | 0 | |a Universiti Islam Antarabangsa |x Students |
| 650 | 0 | |a English language |x Errors of usage. | |
| 650 | 0 | |a English language |x Study and teaching (Higher) |x Malay speakers. | |
| 710 | 2 | 0 | |a Universiti Malaya. |b Fakulti Pendidikan. |
| 948 | |a 17/03/1991 |b 07/05/2004 | ||
| 596 | |a 1 8 | ||
| 999 | |a LB1579 E5TEH |w LC |c 1 |i A010685575 |d 3/5/2008 |e 3/5/2008 |l STACKS |m P01UTAMA |n 11 |r Y |s Y |t TESIS |u 22/1/1992 | ||
| 999 | |a LB1579 E5TEH |w LC |c 2 |i A503699805 |l STACKS |m P01UTAMA |r Y |s Y |t TESIS |u 18/3/1998 | ||
| 999 | |a LB1579 E5TEH |w LC |c 1 |i A506697418 |l STACKS |m P08PENDIDI |r Y |s Y |t TESIS |u 2/10/1997 | ||
